[Event "Titled Tuesday intern op 20th Jun Late"]
[Site "Chess.com INT"]
[Date "2023.06.20"]
[Round "5"]
[White "Martinez, Ayelen"]
[Black "Ozates, Tuna"]
[Result "0-1"]
[WhiteElo "2099"]
[BlackElo "2251"]
[PlyCount "104"]
[EventDate "2023.06.20"]
[EventType "swiss (blitz)"]
[EventRounds "11"]
[EventCountry "USA"]
[SourceTitle "EXT 2024"]
[Source "ChessBase"]
[SourceDate "2023.10.10"]
[SourceVersion "1"]
[SourceVersionDate "2023.10.10"]
[SourceQuality "1"]

1. e4 e5 2. Nf3 Nc6 3. Bb5 a6 4. Ba4 Nf6 5. 0-0 Be7 6. h3 b5 7. Bb3 0-0 8. Re1 d6 9. c3 Na5 10. Bc2 c5 11. d4 Qc7 12. Nbd2 Nc6 13. Nf1 Re8 14. Ng3 h6 15. a4 Rb8 16. axb5 axb5 17. Be3 Bf8 18. d5 Nd8 19. b4 Nb7 20. Ra6 g6 21. Rc6 Qd8 22. bxc5 dxc5 23. Qd2 Kh7 24. Nxe5 Rxe5 25. Bf4 Nd7 26. Qe2 Na5 27. Bxe5 Nxe5 28. f4 Nexc6 29. dxc6 Nxc6 30. e5 Qh4 31. Qf3 Bb7 32. Rd1 Nd4 33. Bxg6+ fxg6 34. Qf2 Qxg3 35. Qxg3 Ne2+ 36. Kh2 Nxg3 37. Rd7+ Bg7 38. Kxg3 Bc8 39. Rd8 b4 40. cxb4 cxb4 41. e6 Bf6 42. Rf8 Kg7 43. Rf7+ Kg8 44. Rxf6 b3 45. e7 Bd7 46. Rxg6+ Kf7 47. Rxh6 b2 48. Rh7+ Ke6 49. f5+ Kd5 50. f6 b1Q 51. Rh5+ Ke6 52. f7 Kxf7 0-1

[Event "Titled Tuesday intern op 20th Jun Late"]
[Site "Chess.com INT"]
[Date "2023.06.20"]
[Round "8"]
[White "Nunez V, Gustavo Eduardo"]
[Black "Martinez, Ayelen"]
[Result "1-0"]
[WhiteElo "2226"]
[BlackElo "2099"]
[PlyCount "143"]
[EventDate "2023.06.20"]
[EventType "swiss (blitz)"]
[EventRounds "11"]
[EventCountry "USA"]
[SourceTitle "EXT 2024"]
[Source "ChessBase"]
[SourceDate "2023.10.10"]
[SourceVersion "1"]
[SourceVersionDate "2023.10.10"]
[SourceQuality "1"]

1. e4 c5 2. Nc3 d6 3. g3 g6 4. Bg2 Nc6 5. d3 Bg7 6. Be3 e6 7. Qd2 Nd4 8. h4 h5 9. Nh3 Ne7 10. f4 Nec6 11. Ng5 b5 12. e5 d5 13. Bxd4 Nxd4 14. Nf3 b4 15. Ne2 Nf5 16. a3 Qb6 17. axb4 cxb4 18. d4 b3 19. c3 Ba6 20. Kf2 Bc4 21. Nc1 a5 22. Nd3 0-0 23. Nc5 Rfc8 24. Bh3 Nh6 25. Ng5 Rxc5 26. dxc5 Qxc5+ 27. Qd4 Qxd4+ 28. cxd4 a4 29. Bf1 Bf8 30. Bxc4 dxc4 31. Rhc1 a3 32. Rxc4 axb2 33. Rb1 Ra2 34. Rc8 Nf5 35. d5 exd5 36. e6 fxe6 37. Nxe6 Kf7 38. Nxf8 Nd6 39. Rb8 Ne4+ 40. Ke3 Nc3 41. Rxb2 Rxb2 42. Nd7 Nd1+ 43. Kd3 Rb1 44. Ne5+ Ke6 45. Rb6+ Kf5 46. Rxg6 Nf2+ 47. Kc3 b2 48. Rg5+ Ke4 49. Kc2 Re1 50. Kxb2 Nd1+ 51. Kc2 Ne3+ 52. Kc3 Rc1+ 53. Kb4 Rb1+ 54. Kc5 Rc1+ 55. Kd6 d4 56. Nc6 d3 57. Re5+ Kf3 58. Nd4+ Kxg3 59. Rxe3+ Kxf4 60. Rxd3 Ke4 61. Rd2 Ke3 62. Nb3 Rc3 63. Rb2 Kf4 64. Nd4 Kg4 65. Rh2 Rd3 66. Ke5 Kg3 67. Rh1 Kg2 68. Re1 Kg3 69. Re4 Rd1 70. Nf5+ Kf3 71. Re3+ Kg4 72. Rg3# 1-0

[Event "Titled Tuesday intern op 13th Jun Late"]
[Site "Chess.com INT"]
[Date "2023.06.13"]
[Round "2"]
[White "Baches Garcia, Guillermo"]
[Black "Martinez, Ayelen"]
[Result "1-0"]
[WhiteElo "2327"]
[BlackElo "2099"]
[PlyCount "95"]
[EventDate "2023.06.13"]
[EventType "swiss (blitz)"]
[EventRounds "11"]
[EventCountry "USA"]
[SourceTitle "EXT 2024"]
[Source "ChessBase"]
[SourceDate "2023.10.10"]
[SourceVersion "1"]
[SourceVersionDate "2023.10.10"]
[SourceQuality "1"]

1. e4 c5 2. Nf3 d6 3. d4 cxd4 4. Nxd4 Nf6 5. Nc3 a6 6. Be3 e5 7. Nb3 Be7 8. f3 0-0 9. Qd2 Be6 10. 0-0-0 Qc7 11. g4 Rc8 12. Kb1 d5 13. g5 d4 14. Nxd4 exd4 15. Bxd4 Nh5 16. Be3 Nc6 17. Nd5 Bxd5 18. exd5 Nb4 19. c3 Nxd5 20. Qxd5 Rd8 21. Qb3 Rdc8 22. Bh3 Rd8 23. Bg4 Rxd1+ 24. Rxd1 Qxh2 25. Bxh5 Qxh5 26. Qxb7 Qg6+ 27. Qe4 Qxe4+ 28. fxe4 Re8 29. Kc2 Bf8 30. Kd3 Rd8+ 31. Ke2 Re8 32. Kf3 g6 33. c4 h5 34. gxh6 Kh7 35. c5 Rb8 36. b3 g5 37. Rd7 Bxh6 38. Rxf7+ Kg6 39. Ra7 g4+ 40. Ke2 Bf8 41. Rxa6+ Kh5 42. c6 Rc8 43. Rb6 g3 44. a4 Bd6 45. a5 Rf8 46. a6 g2 47. a7 Bc7 48. Rb7 1-0

[Event "Titled Tuesday intern op 13th Jun Late"]
[Site "Chess.com INT"]
[Date "2023.06.13"]
[Round "5"]
[White "Fernandez, Maria Florencia"]
[Black "Martinez, Ayelen"]
[Result "0-1"]
[WhiteElo "2085"]
[BlackElo "2099"]
[PlyCount "56"]
[EventDate "2023.06.13"]
[EventType "swiss (blitz)"]
[EventRounds "11"]
[EventCountry "USA"]
[SourceTitle "EXT 2024"]
[Source "ChessBase"]
[SourceDate "2023.10.10"]
[SourceVersion "1"]
[SourceVersionDate "2023.10.10"]
[SourceQuality "1"]

1. d4 Nf6 2. c4 g6 3. Nc3 Bg7 4. e4 0-0 5. Be2 c5 6. d5 d6 7. Be3 e6 8. Nf3 exd5 9. exd5 Bg4 10. 0-0 Bxf3 11. Bxf3 Nbd7 12. Qd2 Ne5 13. Be2 Nfg4 14. Bf4 Qh4 15. Bg3 Qh6 16. f4 Nf6 17. h3 Rae8 18. Rad1 Ned7 19. Bf3 Nh5 20. Bxh5 Qxh5 21. f5 Bd4+ 22. Kh2 Ne5 23. Bxe5 Rxe5 24. Qd3 Re3 25. Qd2 Rfe8 26. Kh1 Bxc3 27. bxc3 Re2 28. Qd3 R8e3 0-1

[Event "Titled Tuesday intern op 13th Jun Late"]
[Site "Chess.com INT"]
[Date "2023.06.13"]
[Round "6"]
[White "Martinez, Ayelen"]
[Black "Yurasova, Daria"]
[Result "0-1"]
[WhiteElo "2099"]
[BlackElo "2081"]
[PlyCount "80"]
[EventDate "2023.06.13"]
[EventType "swiss (blitz)"]
[EventRounds "11"]
[EventCountry "USA"]
[SourceTitle "EXT 2024"]
[Source "ChessBase"]
[SourceDate "2023.10.10"]
[SourceVersion "1"]
[SourceVersionDate "2023.10.10"]
[SourceQuality "1"]

1. e4 e5 2. Nf3 Nc6 3. Bb5 Nge7 4. 0-0 g6 5. d4 exd4 6. c3 Bg7 7. cxd4 0-0 8. d5 a6 9. Bc4 b5 10. Be2 Na5 11. d6 cxd6 12. Nc3 Bb7 13. Qxd6 h6 14. Rd1 Bc6 15. Nd5 Bxd5 16. exd5 Nf5 17. Qb4 Nb7 18. a4 Re8 19. Bf1 Nbd6 20. Bd3 a5 21. Qg4 b4 22. Bf4 h5 23. Qh3 Bxb2 24. g4 Nd4 25. Nxd4 Bxd4 26. Bxd6 Qf6 27. g5 Qxd6 28. Bxg6 Bxa1 29. Bxf7+ Kxf7 30. Qf5+ Kg7 31. Rxa1 Qe5 32. Qxd7+ Re7 33. Qc6 Qxa1+ 34. Kg2 Rf8 35. Qh6+ Kf7 36. Qf6+ Qxf6 37. gxf6 Kxf6 38. f3 Rd7 39. Kf2 Rxd5 40. Ke3 Re8+ 0-1

[Event "Titled Tuesday intern op 13th Jun Late"]
[Site "Chess.com INT"]
[Date "2023.06.13"]
[Round "7"]
[White "Pein, Jonathan"]
[Black "Martinez, Ayelen"]
[Result "1-0"]
[WhiteElo "2276"]
[BlackElo "2099"]
[PlyCount "123"]
[EventDate "2023.06.13"]
[EventType "swiss (blitz)"]
[EventRounds "11"]
[EventCountry "USA"]
[SourceTitle "EXT 2024"]
[Source "ChessBase"]
[SourceDate "2023.10.10"]
[SourceVersion "1"]
[SourceVersionDate "2023.10.10"]
[SourceQuality "1"]

1. e4 c5 2. Nh3 d5 3. Ng5 h6 4. Bb5+ Nc6 5. Nxf7 Kxf7 6. Qf3+ Nf6 7. Bxc6 bxc6 8. e5 Bg4 9. Qg3 Bf5 10. exf6 gxf6 11. d3 Rg8 12. Qf4 Qd7 13. Rg1 e5 14. Qh4 Rg4 15. Qh3 Re4+ 16. dxe4 Bxh3 17. gxh3 Qxh3 18. Nc3 Qxh2 19. Ne2 dxe4 20. Bd2 Rd8 21. 0-0-0 Qxf2 22. Rde1 e3 23. Bc3 Bd6 24. Rgf1 Qh2 25. Rh1 Qg2 26. Rxh6 Rg8 27. Rhh1 Qd5 28. Kb1 Rg2 29. Nc1 Qf3 30. Nd3 e2 31. Rh7+ Kg6 32. Rhh1 c4 33. Nc1 Bc5 34. b3 cxb3 35. axb3 Bd4 36. Bd2 Be3 37. Bxe3 Qxe3 38. Kb2 Qd4+ 39. Kb1 Qe4 40. Nd3 Rg3 41. Rhg1 Rxg1 42. Rxg1+ Kf5 43. Re1 Kg4 44. Nf2+ Kf3 45. Nxe4 Kxe4 46. Rxe2+ Kf3 47. Re1 Kf2 48. Re4 Kf3 49. Re1 Kf2 50. Re4 Kf3 51. Rc4 f5 52. Kc1 Ke2 53. Rc5 f4 54. Rxe5+ Kf3 55. Rc5 Ke3 56. Rxc6 f3 57. Re6+ Kd4 58. Rf6 Ke3 59. Kd1 f2 60. c4 a5 61. c5 a4 62. bxa4 1-0

[Event "Titled Tuesday intern op 23rd May Late"]
[Site "Chess.com INT"]
[Date "2023.05.23"]
[Round "7"]
[White "Florianovitz, Derlei Alex"]
[Black "Martinez, Ayelen"]
[Result "0-1"]
[WhiteElo "2079"]
[BlackElo "2099"]
[PlyCount "58"]
[EventDate "2023.05.23"]
[EventType "swiss (blitz)"]
[EventRounds "11"]
[EventCountry "USA"]
[SourceTitle "EXT 2024"]
[Source "ChessBase"]
[SourceDate "2023.10.10"]
[SourceVersion "1"]
[SourceVersionDate "2023.10.10"]
[SourceQuality "1"]

1. e4 c5 2. Nf3 d6 3. d4 cxd4 4. Nxd4 Nf6 5. Nc3 a6 6. h3 e5 7. Nde2 h5 8. Bg5 Be6 9. Bxf6 Qxf6 10. Nd5 Bxd5 11. Qxd5 Nd7 12. Nc3 Be7 13. Bc4 0-0 14. Bb3 Nc5 15. 0-0 Qh4 16. Rae1 Rac8 17. Qd2 Bg5 18. Qxd6 Bf4 19. Nd5 Rfd8 20. Qe7 Bg5 21. Qxe5 Ne6 22. f4 Rxd5 23. exd5 Bxf4 24. Qf5 Qg3 25. Rxf4 Nxf4 26. Qxc8+ Kh7 27. Qf5+ Kh6 28. Qe4 Nxh3+ 29. Kf1 Qf2# 0-1

[Event "Titled Tuesday intern op 23rd May Late"]
[Site "Chess.com INT"]
[Date "2023.05.23"]
[Round "3"]
[White "Martinez, Ayelen"]
[Black "Bartel, Michal"]
[Result "0-1"]
[WhiteElo "2099"]
[BlackElo "2252"]
[PlyCount "72"]
[EventDate "2023.05.23"]
[EventType "swiss (blitz)"]
[EventRounds "11"]
[EventCountry "USA"]
[SourceTitle "EXT 2024"]
[Source "ChessBase"]
[SourceDate "2023.10.10"]
[SourceVersion "1"]
[SourceVersionDate "2023.10.10"]
[SourceQuality "1"]

1. e4 e5 2. Nf3 Nc6 3. Bb5 g6 4. 0-0 Bg7 5. c3 d6 6. d4 Bd7 7. Bc4 Nge7 8. d5 Nb8 9. b4 0-0 10. Bg5 h6 11. Bh4 g5 12. Bg3 f5 13. exf5 Bxf5 14. Nbd2 Nd7 15. Qe2 Nf6 16. Bb3 a5 17. a4 axb4 18. cxb4 Nexd5 19. Qb5 Be6 20. Qxb7 Rb8 21. Qc6 Rxb4 22. a5 Kh8 23. a6 e4 24. a7 Qa8 25. Qxa8 Rxa8 26. Ne1 Nd7 27. Ra5 Nc5 28. Bxd5 Bxd5 29. h4 Bc3 30. hxg5 hxg5 31. f4 Bxd2 32. fxg5 Kg7 33. Nc2 Rb2 34. Na3 Be3+ 35. Kh1 Rh8+ 36. Bh2 Bxg5 0-1

[Event "Titled Tuesday intern op 23rd May Late"]
[Site "Chess.com INT"]
[Date "2023.05.23"]
[Round "2"]
[White "Srdanovic, Jovana"]
[Black "Martinez, Ayelen"]
[Result "0-1"]
[WhiteElo "2058"]
[BlackElo "2099"]
[PlyCount "120"]
[EventDate "2023.05.23"]
[EventType "swiss (blitz)"]
[EventRounds "11"]
[EventCountry "USA"]
[SourceTitle "EXT 2024"]
[Source "ChessBase"]
[SourceDate "2023.10.10"]
[SourceVersion "1"]
[SourceVersionDate "2023.10.10"]
[SourceQuality "1"]

1. d4 Nf6 2. c4 g6 3. Nc3 Bg7 4. e4 0-0 5. h3 d6 6. Be3 c6 7. Nf3 e5 8. Bd3 exd4 9. Nxd4 Re8 10. 0-0 Nbd7 11. Qc2 Nc5 12. Rad1 Qe7 13. f3 Nh5 14. Rfe1 Ne6 15. Nxe6 Bxe6 16. b3 Be5 17. Ne2 Qh4 18. Bd4 Bxd4+ 19. Nxd4 Nf4 20. Nxe6 Rxe6 21. Bf1 Re5 22. Rxd6 Rg5 23. Red1 Nxh3+ 24. Kh2 Nf2+ 25. Kg1 Nh3+ 26. Kh2 Qg3+ 27. Kh1 Nf2+ 28. Kg1 Nxd1 29. Qxd1 Rh5 30. Rd8+ Rxd8 31. Qxd8+ Kg7 32. Qd2 Qh2+ 33. Kf2 Qh4+ 34. Ke2 Qg3 35. Qd4+ Kh6 36. Qd8 Qe5 37. Qf8+ Qg7 38. Qd6 Qb2+ 39. Ke1 Qc1+ 40. Kf2 Qc2+ 41. Kg1 Rg5 42. Qf8+ Kh5 43. Qd6 Kh6 44. Qf8+ Kh5 45. g4+ Kh4 46. Qh6+ Kg3 47. Qh3+ Kf4 48. Qh2+ Qxh2+ 49. Kxh2 Kxf3 50. Bg2+ Kf2 51. Kh3 Ke3 52. Kh4 Re5 53. g5 Kf4 54. Kh3 Rxg5 55. Kh2 Ke3 56. Kh1 Ke2 57. a3 Kf2 58. Bh3 Rh5 59. Kh2 g5 60. b4 g4 0-1

[Event "Titled Tuesday intern op 16th May Late"]
[Site "Chess.com INT"]
[Date "2023.05.16"]
[Round "9"]
[White "Martinez, Ayelen"]
[Black "Golubev, Mikhail"]
[Result "1-0"]
[WhiteElo "2099"]
[BlackElo "2461"]
[PlyCount "85"]
[EventDate "2023.05.16"]
[EventType "swiss (blitz)"]
[EventRounds "11"]
[EventCountry "USA"]
[SourceTitle "CBM 214 Extra"]
[Source "ChessBase"]
[SourceDate "2023.07.31"]
[SourceVersion "1"]
[SourceVersionDate "2023.07.31"]
[SourceQuality "1"]

1. e4 c5 2. Nf3 d6 3. d4 Nf6 4. Nc3 cxd4 5. Nxd4 Nc6 6. Bg5 e6 7. Qd2 a6 8. 0-0-0 Bd7 9. f4 Be7 10. Bc4 b5 11. Nxc6 Bxc6 12. Bd3 b4 13. Ne2 Nxe4 14. Bxe4 Bxe4 15. Qxb4 Bxg5 16. Qxe4 Be7 17. Qc6+ Kf8 18. f5 Rc8 19. Qb7 Qc7 20. Qb3 Rb8 21. Qd3 Bf6 22. c3 Ke7 23. fxe6 fxe6 24. Rhe1 Rhe8 25. Qxh7 Qc4 26. Qd3 Qxd3 27. Rxd3 Be5 28. Kc2 Rf8 29. g3 Rf2 30. Kc1 Rxh2 31. Nd4 Rbxb2 32. Nc6+ Kf6 33. Rf3+ Kg6 34. Nxe5+ dxe5 35. Rxe5 Rxa2 36. Rxe6+ Kh7 37. Kb1 Rab2+ 38. Ka1 Rbg2 39. Re1 Ra2+ 40. Kb1 a5 41. Rf5 Kg6 42. Rb5 a4 43. Re6+ 1-0

[Event "Titled Tuesday intern op 16th May Late"]
[Site "Chess.com INT"]
[Date "2023.05.16"]
[Round "8"]
[White "Pein, Jonathan"]
[Black "Martinez, Ayelen"]
[Result "0-1"]
[WhiteElo "2265"]
[BlackElo "2099"]
[PlyCount "110"]
[EventDate "2023.05.16"]
[EventType "swiss (blitz)"]
[EventRounds "11"]
[EventCountry "USA"]
[SourceTitle "CBM 214 Extra"]
[Source "ChessBase"]
[SourceDate "2023.07.31"]
[SourceVersion "1"]
[SourceVersionDate "2023.07.31"]
[SourceQuality "1"]

1. e4 c5 2. g3 d6 3. Bg2 g6 4. Ne2 Bg7 5. c3 Nc6 6. d4 cxd4 7. cxd4 Bg4 8. f3 Bd7 9. Nbc3 h5 10. h3 h4 11. g4 Rc8 12. Be3 Qa5 13. Qd2 b5 14. b3 b4 15. Nd5 e6 16. Ndf4 Nge7 17. 0-0 e5 18. Nd3 Nxd4 19. Nxd4 exd4 20. Bg5 Rc3 21. Rfd1 Rxd3 22. Qxd3 Qxg5 23. Rac1 Be5 24. Rc7 Bf4 25. Rxa7 Bb5 26. Qc2 0-0 27. Rb7 Rc8 28. Qb2 Be3+ 29. Kh1 d3 30. a4 Bc6 31. Rxe7 Qxe7 32. Rxd3 Bf4 33. a5 Bb5 34. Rd5 Rc1+ 35. Bf1 Rxf1+ 36. Kg2 Rc1 37. Rxb5 Qc7 38. Rd5 Rc2+ 39. Rd2 Rxb2 40. Rxb2 Qc3 41. Ra2 Qc1 42. a6 Be3 43. f4 Qg1+ 44. Kf3 Qg3+ 45. Ke2 Qg2+ 46. Kxe3 Qxa2 47. e5 Qxa6 48. exd6 Qxd6 49. Ke4 Qc5 50. f5 gxf5+ 51. Kf4 Kg7 52. gxf5 Kf6 53. Kg4 Qxf5+ 54. Kxh4 Qf4+ 55. Kh5 Qg5# 0-1

[Event "Titled Tuesday intern op 16th May Late"]
[Site "Chess.com INT"]
[Date "2023.05.16"]
[Round "7"]
[White "Vaglio Munoz, Jaime"]
[Black "Martinez, Ayelen"]
[Result "0-1"]
[WhiteElo "2174"]
[BlackElo "2099"]
[PlyCount "168"]
[EventDate "2023.05.16"]
[EventType "swiss (blitz)"]
[EventRounds "11"]
[EventCountry "USA"]
[SourceTitle "CBM 214 Extra"]
[Source "ChessBase"]
[SourceDate "2023.07.31"]
[SourceVersion "1"]
[SourceVersionDate "2023.07.31"]
[SourceQuality "1"]

1. Nf3 Nf6 2. c4 g6 3. b3 Bg7 4. Bb2 0-0 5. g3 d6 6. d4 c5 7. d5 a6 8. a4 e6 9. dxe6 Bxe6 10. Bg2 d5 11. cxd5 Bxd5 12. Qc1 Bxb3 13. Nbd2 Bd5 14. Qxc5 Nbd7 15. Qb4 a5 16. Qh4 Nc5 17. 0-0 Nfe4 18. Bxg7 Qxh4 19. Nxh4 Kxg7 20. Nxe4 Bxe4 21. f3 Bc6 22. e4 Nxa4 23. Rfc1 Nb2 24. Bf1 Rfd8 25. Rc2 Nd1 26. Rca2 Ne3 27. Be2 g5 28. Kf2 gxh4 29. Kxe3 hxg3 30. Rg1 f5 31. Rxg3+ Kf6 32. exf5 Kxf5 33. Bd3+ Kf6 34. Bxh7 a4 35. Rg6+ Kf7 36. Rag2 Rd3+ 37. Kf4 Rxf3+ 38. Kg4 Rc3 39. Rf2+ Ke7 40. Rg7+ Kd6 41. h4 Rc4+ 42. Kg5 Ra5+ 43. Kg6 Rxh4 44. Rf6+ Kc5 45. Kf7 a3 46. Rg5+ Kb6 47. Rxa5 Kxa5 48. Bb1 Ra4 49. Rf5+ Kb4 50. Ba2 Kc3 51. Ke7 Re4+ 52. Kd6 Re2 53. Rc5+ Kb2 54. Bf7 a2 55. Bxa2 Kxa2 56. Kc7 Kb3 57. Kb6 Kb4 58. Rc1 Re6 59. Rb1+ Kc4 60. Rc1+ Kd4 61. Rd1+ Ke5 62. Re1+ Be4+ 63. Kc5 b6+ 64. Kb5 Kd4 65. Kb4 Re5 66. Rd1+ Bd3 67. Rh1 Rb5+ 68. Ka4 Rb2 69. Rh4+ Kc3 70. Ka3 b5 71. Rh2 b4+ 72. Ka4 Rxh2 73. Ka5 Ra2+ 74. Kb6 b3 75. Kc5 b2 76. Kd6 b1Q 77. Ke5 Qb6 78. Kf4 Ra4+ 79. Kf3 Qf6+ 80. Ke3 Qe5+ 81. Kf3 Qe2+ 82. Kg3 Rg4+ 83. Kh3 Qf3+ 84. Kh2 Qg2# 0-1

[Event "Rio de Janeiro Duchamp op 3rd"]
[Site "Rio de Janeiro"]
[Date "2019.12.10"]
[Round "5"]
[White "Gauche, Charles"]
[Black "Martinez, Ayelen"]
[Result "1-0"]
[WhiteElo "2248"]
[BlackElo "2139"]
[PlyCount "101"]
[EventDate "2019.12.07"]
[EventType "swiss"]
[EventRounds "9"]
[EventCountry "BRA"]
[SourceTitle "CBM 193 Extra"]
[Source "ChessBase"]
[SourceDate "2020.01.31"]
[SourceVersion "1"]
[SourceVersionDate "2020.01.31"]
[SourceQuality "1"]

1. e4 c5 2. Nf3 d6 3. Bb5+ Bd7 4. Bxd7+ Qxd7 5. c4 Nc6 6. Nc3 g6 7. d4 cxd4 8. Nxd4 Bg7 9. Be3 Nf6 10. f3 Rc8 11. b3 0-0 12. Qd2 Ne8 13. 0-0 Nc7 14. Rad1 Ne6 15. Nxe6 Qxe6 16. Nd5 Qe5 17. Rf2 f5 18. exf5 Qxf5 19. Bxa7 e6 20. Ne3 Qh5 21. Bb6 Be5 22. Ng4 Bf4 23. Be3 Be5 24. b4 Ne7 25. c5 Nd5 26. Nxe5 dxe5 27. Re1 Qh4 28. a3 Ra8 29. Bg5 Qd4 30. Qc1 Qd3 31. Qb2 Qd4 32. Bc1 Nc3 33. Be3 Qd3 34. Rd2 Na4 35. Qxe5 Qf5 36. Bd4 Qxe5 37. Bxe5 Rac8 38. Rd7 Rf7 39. Red1 Rcf8 40. Rxf7 Rxf7 41. Rd8+ Rf8 42. Rxf8+ Kxf8 43. Kf2 Ke8 44. Ke3 Kd7 45. Kd3 b6 46. cxb6 Nxb6 47. Bd4 Nd5 48. Kc4 Kd6 49. b5 Kc7 50. a4 Kb7 51. a5 1-0

[Event "Titled Tuesday intern op 5th Nov"]
[Site "Chess.com INT"]
[Date "2019.11.05"]
[Round "3"]
[White "Novikov, Evgenij"]
[Black "Martinez, Ayelen"]
[Result "1-0"]
[WhiteElo "2276"]
[BlackElo "2139"]
[PlyCount "75"]
[EventDate "2019.11.05"]
[EventType "swiss (blitz)"]
[EventRounds "10"]
[EventCountry "USA"]
[SourceTitle "EXT 2021"]
[Source "ChessBase"]
[SourceDate "2020.10.23"]
[SourceVersion "1"]
[SourceVersionDate "2020.10.23"]
[SourceQuality "1"]

1. d4 Nf6 2. c4 g6 3. Nc3 Bg7 4. e4 d6 5. Be2 0-0 6. Nf3 e5 7. d5 a5 8. 0-0 Na6 9. Qc2 Nc5 10. Bg5 h6 11. Be3 b6 12. Nd2 Ng4 13. Bxg4 Bxg4 14. b3 Bh5 15. a3 f5 16. f3 f4 17. Bf2 g5 18. b4 Nd7 19. Nb3 g4 20. fxg4 Bxg4 21. h3 Bh5 22. c5 bxc5 23. bxc5 f3 24. g3 Kh8 25. Kh2 Rg8 26. Nb5 Nf6 27. Nd2 Qe7 28. cxd6 cxd6 29. Qc6 Rad8 30. Rac1 Be8 31. Qc7 Rd7 32. Qb6 Nh5 33. Nxf3 Bf6 34. Rc7 Qg7 35. Rg1 Bd8 36. Rxd7 Qxd7 37. Qxd6 Qxb5 38. Qxh6# 1-0

[Event "Fuerteventura (Women)"]
[Site "Corralejo"]
[Date "2019.09.25"]
[Round "7"]
[White "Martinez, Ayelen"]
[Black "Rodriguez Redondo, Adhara"]
[Result "1-0"]
[WhiteElo "2169"]
[BlackElo "2065"]
[PlyCount "103"]
[EventDate "2019.09.21"]
[EventType "tourn"]
[EventRounds "9"]
[EventCountry "ESP"]
[SourceTitle "EXT 2020"]
[Source "ChessBase"]
[SourceDate "2019.10.17"]
[SourceVersion "1"]
[SourceVersionDate "2019.10.17"]
[SourceQuality "1"]

1. e4 e5 2. Nf3 Nc6 3. Bc4 Bc5 4. 0-0 Nf6 5. d3 a6 6. c3 Ba7 7. a4 d6 8. Na3 0-0 9. Nc2 Ne7 10. Be3 Ng6 11. b4 c6 12. Bb3 h6 13. Qe1 Re8 14. Bxa7 Rxa7 15. Qe3 Ra8 16. a5 d5 17. Rfe1 Be6 18. c4 d4 19. Qc1 Nh5 20. Rf1 Nhf4 21. Qd2 Qf6 22. Nce1 Ne7 23. Kh1 g5 24. g3 Nfg6 25. Bd1 Qg7 26. Ng1 f5 27. exf5 Nxf5 28. Bf3 Nd6 29. Bg2 Bf5 30. Nc2 Rad8 31. f3 Nf8 32. Nh3 Qg6 33. Ne1 Be6 34. Nc2 Nf5 35. Nf2 Nd7 36. Rae1 Bf7 37. Re2 Nd6 38. Ree1 Nf6 39. Rc1 Kg7 40. Rfe1 Re6 41. f4 Nf5 42. fxe5 Nd7 43. g4 Rxe5 44. gxf5 Qxf5 45. Nxd4 Qf6 46. Nf3 Rf5 47. Ne4 Qg6 48. Qc3+ Kh7 49. Ng3 Rf4 50. Re7 Qd6 51. Rce1 Kg8 52. Nh5 1-0

[Event "Fuerteventura (Women)"]
[Site "Corralejo"]
[Date "2019.09.21"]
[Round "1"]
[White "Sosa Suarez, Carla Cristina"]
[Black "Martinez, Ayelen"]
[Result "1-0"]
[WhiteElo "2069"]
[BlackElo "2169"]
[PlyCount "105"]
[EventDate "2019.09.21"]
[EventType "tourn"]
[EventRounds "9"]
[EventCountry "ESP"]
[SourceTitle "EXT 2020"]
[Source "ChessBase"]
[SourceDate "2019.10.17"]
[SourceVersion "1"]
[SourceVersionDate "2019.10.17"]
[SourceQuality "1"]

1. d4 Nf6 2. c4 g6 3. Nc3 Bg7 4. e4 0-0 5. f3 c6 6. Be3 d5 7. e5 Ne8 8. f4 Nc7 9. Nf3 Bg4 10. h3 Bxf3 11. Qxf3 Nba6 12. a3 dxc4 13. Bxc4 b5 14. Bb3 b4 15. Ne4 Nb5 16. Qf2 bxa3 17. bxa3 Qa5+ 18. Bd2 Qb6 19. Be3 Nxa3 20. Qa2 Qb4+ 21. Nd2 Nb5 22. Qxa6 Rad8 23. 0-0 Qc3 24. Rfe1 Rxd4 25. Qa5 Rd3 26. Qxc3 Rxc3 27. Rac1 Rd8 28. Rxc3 Nxc3 29. Nc4 Rb8 30. Bc2 Nd5 31. Bd2 Rd8 32. g3 Nb6 33. Ba5 Rd5 34. Bxb6 axb6 35. Nxb6 Rd2 36. Be4 c5 37. Rc1 Re2 38. Bf3 Rb2 39. Nd7 h5 40. Rxc5 Bh6 41. h4 Rd2 42. Rc8+ Kg7 43. Nc5 f6 44. e6 g5 45. Re8 gxf4 46. Rxe7+ Kg6 47. Ne4 Rb2 48. Rf7 fxg3 49. Rxf6+ Kg7 50. Rf7+ Kg6 51. Nxg3 Be3+ 52. Kf1 Rb6 53. Be4+ 1-0

[Event "London Classic op 10th"]
[Site "London"]
[Date "2018.12.10"]
[Round "2"]
[White "Wang, Kevin A"]
[Black "Martinez, Ayelen"]
[Result "1-0"]
[WhiteElo "2449"]
[BlackElo "2185"]
[PlyCount "54"]
[EventDate "2018.12.09"]
[EventType "swiss"]
[EventRounds "9"]
[EventCountry "ENG"]
[SourceTitle "CBM 187 Extra"]
[Source "ChessBase"]
[SourceDate "2018.11.04"]
[SourceVersion "1"]
[SourceVersionDate "2018.11.04"]
[SourceQuality "1"]

1. d4 Nf6 2. c4 g6 3. Nc3 Bg7 4. e4 d6 5. Bd3 0-0 6. Nge2 c5 7. d5 e6 8. 0-0 exd5 9. exd5 Nbd7 10. f4 a6 11. a4 Re8 12. h3 Nh5 13. g4 Qh4 14. gxh5 Bd4+ 15. Kg2 Ne5 16. f5 g5 17. Ng3 Kh8 18. Be2 Rg8 19. Nce4 Bd7 20. Ra3 Rg7 21. Be3 Bxb2 22. Ra2 Re8 23. h6 Rgg8 24. Bg4 Nxc4 25. Bf2 Be5 26. Nh5 Bxf5 27. Bxf5 g4 1-0